Les 10 villes les plus peuplées de Savoie (73) - Statistiques

Statistiques générales
  • Ce quiz a été pris 56 fois
  • Le résultat moyen est 5 sur 10
Statistiques - réponses
Population Communes % Correct
60 300 Chambéry
100%
19 700 Albertville
81%
32 200 Aix-les-Bains
74%
7 500 Saint-Jean-de-Maurienne
55%
12 200 La Motte-Servolex
40%
7 200 Bourg-Saint-Maurice
36%
7 200 Ugine
32%
9 200 La Ravoire
26%
6 700 Cognin
15%
6 600 Saint-Alban-Leysse
9%
Aucun quiz correspondant
Distribution des résultats
% des personnes avec chaque résultat
Percentile par nombre de réponses
Votre historique - résultats
Vous n’avez pas pris ce quiz